000 005020000a22001810004500
003 MACL
005 20160319132848.0
008 160319b xxu||||| |||| 00| 0 eng d
040 _aMACL
_cMACL
041 _aHindi
082 _a954
100 _aश्री गोपालनारायण बहुरा
_947376
245 _aरासमाला
260 _bमंगल प्रकाशन
_c1958
_aजयपुर
350 _a9
650 _aHistory
_947377
942 _cHIN
_k954
_2ddc
999 _c25651
_d25651